000 00407nam a2200181Ia 4500
005 20240823050519.0
008 240823s9999||||xx |||||||||||||| ||und||
041 _aENGLISH
082 _A539 N3
100 _aTheraja B L
245 0 _aModern Physics
250 _a15th
260 _c1993
_b"S Chand,New Delhi"
500 _aTransfered
650 _aPhysics
_bPhysics
942 _cBK
999 _c217431
_d217431